Statistics for Top 10 most followed religions (excluding folk or tribal religions)

Click here to take the quiz!

General Stats

  • This quiz has been taken 45 times
    (15 since last reset)
  • The average score is 7 of 10

Answer Stats

RankAnswer% Correct
1Christianity
100%
2Islam
93%
4Buddhism
80%
3Hinduism
80%
6Judaism
80%
9Shinto
60%
5Sikhism
60%
8Jainism
47%
7Baha'i
40%
10Caodaism
13%

Score Distribution

Percentile by Number Answered

Percent of People with Each Score

Your Score History

You have not taken this quiz since the last reset